|
|
|
|
| LEADER |
00000nam a22000007a 4500 |
| 005 |
20210224210511.0 |
| 007 |
cr|||| |||| |
| 008 |
210224s2012 us |||||s|||| 00||0 eng d |
| 020 |
|
|
|a 9781614385509
|
| 035 |
|
|
|a 31220
|
| 040 |
|
|
|a vLex
|
| 090 |
|
|
|c 11249
|d 11249
|
| 100 |
1 |
|
|a Cox, James D.
|
| 245 |
1 |
0 |
|a Corporate Counsel Guides
|h [Recurso electrn̤ico] :
|b Corporation Law /
|c James D. Cox, Thomas Lee Hazen
|
| 256 |
|
|
|a Servicio en ln̕ea
|
| 260 |
|
|
|a Chicago:
|b American Bar Association,
|c 2012
|
| 300 |
|
|
|a 1 recurso electrn̤ico
|
| 500 |
|
|
|a Get acclimated to the role of a business general practitioner and corporate law with this complete overview of the subject, including the most common and pressing issues, and references for more information.
|
| 506 |
1 |
|
|a Disponible solo en los productos indicados
|d vLex Global
|d vLex Global (Academic Edition, excluding Law Schools)
|d vLex Global (Academic Edition, Law Schools)
|
| 650 |
0 |
4 |
|a Sociedades
|z Estados Unidos
|
| 700 |
1 |
|
|a Hazen, Thomas Lee
|
| 740 |
0 |
|
|a vLex Libros (Servicio en ln̕ea)
|
| 856 |
4 |
0 |
|u http://vlex.com/source/corporate-counsel-guides-corporation-law-31220
|z Acceso restringido
|
| 942 |
|
|
|c BOOK
|
| 999 |
0 |
|
|a Societies
|